[Event "Santa Cruz de Tenerife op 9th"]
[Site "Santa Cruz de Tenerife"]
[Date "2023.07.17"]
[Round "1"]
[White "Ballesteros Avila, Antonio"]
[Black "Anta Verdeguer, Victor Manuel"]
[Result "1-0"]
[WhiteElo "1978"]
[BlackElo "1137"]
[PlyCount "61"]
[EventDate "2023.07.17"]
[EventType "swiss"]
[EventRounds "9"]
[EventCountry "ESP"]
[SourceTitle "CBM 215 Extra"]
[Source "ChessBase"]
[SourceDate "2023.09.30"]
[SourceVersion "1"]
[SourceVersionDate "2023.09.30"]
[SourceQuality "1"]

1. d4 d5 2. Bf4 Nc6 3. e3 Nf6 4. Nd2 Bf5 5. Bb5 Bd7 6. Ngf3 a6 7. Be2 Bf5 8. c3 e6 9. 0-0 Bd6 10. Ne5 Bxe5 11. dxe5 Ne4 12. f3 Nc5 13. Nb3 Nd7 14. Nd4 Ncxe5 15. Nxf5 exf5 16. Qxd5 c6 17. Qd4 Qh4 18. Bxe5 Qxd4 19. exd4 Nxe5 20. dxe5 0-0 21. f4 Rad8 22. Rad1 h6 23. Rxd8 Rxd8 24. Rd1 Re8 25. Rd7 b5 26. Bf3 c5 27. Bd5 Rf8 28. b3 g5 29. g3 Kg7 30. e6 Kf6 31. Rxf7+ 1-0

[Event "Tres Cantos op 11th"]
[Site "Tres Cantos"]
[Date "2019.06.27"]
[Round "6"]
[White "Martin Arbeloa, Fernando"]
[Black "Ballesteros Avila, Antonio"]
[Result "1/2-1/2"]
[WhiteElo "1920"]
[BlackElo "2039"]
[PlyCount "111"]
[EventDate "2019.06.22"]
[EventType "swiss"]
[EventRounds "9"]
[EventCountry "ESP"]
[SourceTitle "CBM 195 Extra"]
[Source "ChessBase"]
[SourceDate "2020.05.31"]
[SourceVersion "1"]
[SourceVersionDate "2020.05.31"]
[SourceQuality "1"]

1. d4 d5 2. c4 c6 3. cxd5 cxd5 4. Bf4 Nc6 5. e3 Nf6 6. Nc3 a6 7. Be2 Bf5 8. g4 Bd7 9. Bf3 e6 10. Nge2 h6 11. Rc1 Be7 12. Kf1 Rc8 13. Kg2 Na5 14. h4 Nh7 15. Bg3 Nc4 16. b3 Nd6 17. Qd3 b5 18. Nb1 Rxc1 19. Rxc1 Nf6 20. Nd2 Nfe4 21. Nxe4 dxe4 22. Bxe4 Nxe4 23. Qxe4 0-0 24. Qb7 Bc8 25. Rxc8 Qxc8 26. Qxe7 Qc2 27. Bd6 Rc8 28. Ng3 Qxa2 29. Qd7 Ra8 30. Qc6 Rd8 31. b4 a5 32. Bc7 Rc8 33. Qb7 Rxc7 34. Qxc7 axb4 35. Qe5 b3 36. Nh5 Qa8+ 37. e4 Qf8 38. Qxb5 Qa3 39. Qb8+ Kh7 40. Qe5 Qf8 41. d5 exd5 42. exd5 f6 43. Qc3 Qb8 44. Qd3+ Kh8 45. d6 b2 46. d7 Qd8 47. Qg6 Qxd7 48. f3 f5 49. Qb6 Qd2+ 50. Kh3 fxg4+ 51. Kxg4 Qc2 52. Qd8+ Kh7 53. Nf6+ gxf6 54. Qe7+ Kg8 55. Qe8+ Kg7 56. Qe7+ 1/2-1/2

[Event "Tres Cantos op 10th"]
[Site "Tres Cantos"]
[Date "2018.06.22"]
[Round "2.30"]
[White "Ballesteros Avila, Antonio"]
[Black "Castro Uceda, Jose Antonio"]
[Result "1-0"]
[WhiteElo "1999"]
[BlackElo "1606"]
[PlyCount "47"]
[EventDate "2018.06.21"]
[EventType "swiss"]
[EventRounds "9"]
[EventCountry "ESP"]
[SourceTitle "EXT 2024"]
[Source "ChessBase"]
[SourceDate "2023.10.10"]
[SourceVersion "1"]
[SourceVersionDate "2023.10.10"]
[SourceQuality "1"]

1. b3 e6 2. Bb2 Nf6 3. e3 d5 4. f4 Be7 5. Nf3 Nbd7 6. Be2 b6 7. 0-0 Bb7 8. d4 Ne4 9. Nbd2 Nxd2 10. Qxd2 g5 11. Ne5 f6 12. Bh5+ Kf8 13. Nf7 Qc8 14. Nxh8 Kg7 15. Nf7 Nf8 16. fxg5 Ng6 17. Bxg6 Kxg6 18. gxf6 Bxf6 19. Qf2 Kxf7 20. Qxf6+ Ke8 21. Qf7+ Kd8 22. Qg7 Bc6 23. Ba3 Qd7 24. Rf8+ 1-0